[Event "AUTO-OPEN-2756"]
[Site "http://www.queenalice.com/game.php?id=1089580"]
[Date "2012.8.2"]
[Round "1"]
[White "Renanff"]
[Black "kilmison"]
[Result "0-1"]
[WhiteElo "1013"]
[BlackElo "2158"]

1. e4 e5 2. d3 Nc6 3. Nc3 Bc5 4. g3 Nf6 5. Nf3 Ng4 6. Qe2 Bxf2+ 7. Kd1 Bb6 8.
Bg5 f6 9. Bd2 Nf2+ 10. Kc1 Nxh1 0-1

[Event "AUTO-OPEN-2756"]
[Site "http://www.queenalice.com/game.php?id=1089581"]
[Date "2012.8.2"]
[Round "1"]
[White "kilmison"]
[Black "Renanff"]
[Result "1-0"]
[WhiteElo "2169"]
[BlackElo "1013"]

1. e4 e5 2. Nf3 d6 3. Bc4 g6 4. Nc3 Nf6 5. Ng5 Qe7 6. Bxf7+ Kd7 7. Be6+ Ke8 8.
Bxc8 a6 9. Bxb7 Ra7 10. Bc8 h6 11. Nf3 h5 12. Ng5 1-0

[Event "AUTO-OPEN-2756"]
[Site "http://www.queenalice.com/game.php?id=1089582"]
[Date "2012.8.2"]
[Round "1"]
[White "Renanff"]
[Black "formiga"]
[Result "1/2-1/2"]
[WhiteElo "1123"]
[BlackElo "1966"]

1. e4 c5 2. b3 Nc6 3. Bb2 d6 4. Nf3 e5 5. Bd3 Nf6 6. O-O Be7 7. Nc3 O-O 8. a4
Bg4 9. h3 Bh5 10. Nb5 a6 11. Na3 Nd7 12. c4 Ndb8 13. Be2 Bg6 14. d3 Nd7 15. Qd2
Ndb8 16. Rad1 Nb4 17. Bc3 N8c6 18. Bxb4 Nxb4 19. Nc2 Nxc2 20. Qxc2 f5 21. Rfe1
f4 22. Rd2 a5 23. Red1 b6 24. Qc3 Qc7 25. Rc2 Rad8 26. Rdc1 h6 27. Bd1 Bf7 28.
Be2 Bf6 29. Kf1 Qe7 30. Kg1 g5 31. g4 Kg7 32. Kg2 Rh8 33. Nh2 Be6 34. f3 h5 35.
gxh5 Rxh5 36. Ng4 Bxg4 37. fxg4 Rh4 38. Rf1 Rdh8 39. Rh1 Kg6 40. Rcc1 Qh7 41. d4
exd4 42. Qd3 Be5 43. Qf3 Kf6 44. Bd3 Qg6 45. Rce1 Re8 46. Ref1 Re7 1/2-1/2

[Event "AUTO-OPEN-2756"]
[Site "http://www.queenalice.com/game.php?id=1089583"]
[Date "2012.8.2"]
[Round "1"]
[White "formiga"]
[Black "Renanff"]
[Result "1-0"]
[WhiteElo "1954"]
[BlackElo "1099"]

1. e4 e6 2. Nc3 Nf6 3. Nf3 g6 4. d4 Bg7 5. e5 Ng4 6. Ne4 O-O 7. Be2 Nc6 8. O-O
a5 9. a3 b6 10. h3 Nh6 11. Bg5 Qe8 12. Bxh6 Bxh6 13. Nf6+ Kh8 14. Nxe8 Rxe8 15.
c3 f5 16. h4 d6 17. exd6 cxd6 18. Bb5 Bb7 19. c4 Re7 20. Re1 Na7 21. Ba4 d5 22.
Bb3 Rae8 23. cxd5 Bxd5 24. Bxd5 exd5 25. Rxe7 Rxe7 26. Ne5 Nb5 27. a4 Nd6 28.
Qb3 Bf4 29. Qxd5 Bd2 30. Qxd6 1-0

[Event "AUTO-OPEN-2757"]
[Site "http://www.queenalice.com/game.php?id=1089841"]
[Date "2012.8.3"]
[Round "1"]
[White "Flamengo"]
[Black "Renanff"]
[Result "1-0"]
[WhiteElo "1787"]
[BlackElo "1099"]

1. e4 e5 2. Nf3 Nc6 3. Bc4 Nf6 4. Nc3 g6 5. d3 Bg7 6. Bg5 O-O 7. O-O h6 8. Bh4
g5 9. Bg3 d6 10. Nd5 Nxd5 11. Bxd5 Nb4 12. Bb3 b5 13. a3 Na6 14. c3 c5 15. Bd5
Rb8 16. b4 cxb4 17. axb4 Qe7 18. h4 g4 19. Nh2 Nc7 20. Rxa7 h5 21. f3 Be6 22.
Bxe6 Qxe6 23. Rxc7 Bh6 24. fxg4 hxg4 25. Qxg4+ Qxg4 26. Nxg4 Bd2 27. Be1 Bxe1
28. Rxe1 f6 29. Ra1 f5 30. Nh6+ Kh8 31. Raa7 1-0

[Event "AUTO-OPEN-2757"]
[Site "http://www.queenalice.com/game.php?id=1089842"]
[Date "2012.8.3"]
[Round "1"]
[White "Renanff"]
[Black "Flamengo"]
[Result "0-1"]
[WhiteElo "1127"]
[BlackElo "1832"]

1. e3 e5 2. Nf3 e4 3. Ne5 d6 4. Bb5+ c6 5. Nxc6 bxc6 6. Ba4 Ba6 7. d3 exd3 8.
cxd3 Bb5 9. Bxb5 cxb5 10. O-O Be7 11. Nc3 a6 12. Nd5 Nf6 13. Nxe7 Qxe7 14. e4
O-O 15. b4 Nc6 16. Bd2 d5 17. exd5 Nxb4 18. Qb3 Nbxd5 19. Rfe1 Qd7 20. Re5 Rfe8
21. Rae1 Rxe5 22. Rxe5 Re8 23. Rxe8+ Qxe8 24. h3 h6 25. d4 Qe2 26. Ba5 Nf4 27.
Qg3 Qd1+ 28. Kh2 Qxd4 29. Bc7 Nd3 30. f3 Nh5 31. Qd6 Qxd6+ 32. Bxd6 Nc1 33. a3
Nb3 34. g4 Nf6 35. f4 Nd5 36. f5 a5 37. h4 b4 38. axb4 axb4 39. g5 h5 40. Kg3
Nd4 41. g6 b3 42. gxf7+ Kxf7 43. Be5 b2 44. Bxd4 b1=Q 45. Kf3 Qxf5+ 0-1

[Event "AUTO-OPEN-2757"]
[Site "http://www.queenalice.com/game.php?id=1089867"]
[Date "2012.8.3"]
[Round "1"]
[White "Espechess"]
[Black "Renanff"]
[Result "1-0"]
[WhiteElo "1775"]
[BlackElo "1013"]

1. e4 e5 2. Nf3 Nc6 3. Bb5 a6 4. Ba4 b5 5. Bb3 Nf6 6. O-O Bd6 7. d3 O-O 8. Bh6
gxh6 9. Nc3 Nd4 10. Qd2 Nxf3+ 11. gxf3 c5 12. Qxh6 Kh8 13. Kh1 Ng8 14. Qxd6 Bb7
15. Qxe5+ Nf6 16. Rg1 d6 17. Qg5 Rg8 18. Qh4 d5 19. Rxg8+ Qxg8 20. Qxf6+ Qg7 21.
Qxg7+ Kxg7 22. Rg1+ Kf8 23. Bxd5 1-0

[Event "AUTO-OPEN-2757"]
[Site "http://www.queenalice.com/game.php?id=1089868"]
[Date "2012.8.3"]
[Round "1"]
[White "Renanff"]
[Black "Espechess"]
[Result "0-1"]
[WhiteElo "1099"]
[BlackElo "2060"]

1. e3 d5 2. Nc3 Nf6 3. Nf3 c5 4. g3 Nc6 5. Bg2 b6 6. O-O Bb7 7. b3 e6 8. a4 Be7
9. Nb5 a6 10. Nc3 O-O 11. Ba3 Rc8 12. d3 Qc7 13. Ne2 Rfd8 14. Rc1 h6 15. Nf4 e5
16. Ne2 e4 17. Nh4 Nh7 18. Nf5 Bf8 19. Nc3 Qe5 20. Nh4 Qxc3 21. Bh3 Rc7 22. d4
cxd4 23. Bxf8 Kxf8 24. exd4 Nxd4 25. Bg2 Nxc2 26. Nf5 Qxb3 27. Nd4 Qxa4 28. Nxc2
Rdc8 29. Bh3 Rd8 30. Ne3 Qxd1 31. Rfxd1 Re7 32. Rc2 Ng5 33. Bg2 Ne6 34. Nf5 Rc7
35. Rxc7 Nxc7 36. Nd4 Ne6 37. h4 Nxd4 38. Rxd4 Rc8 39. h5 b5 40. Rb4 Rc4 41. Rb3
b4 42. Bf1 Rd4 43. f4 exf3 44. Rxf3 Rd1 45. Rb3 a5 46. Kf2 d4 47. Ke2 Rc1 48.
Rd3 Ba6 0-1

[Event "AUTO-OPEN-2757"]
[Site "http://www.queenalice.com/game.php?id=1089885"]
[Date "2012.8.3"]
[Round "1"]
[White "Renanff"]
[Black "toinhoxdz"]
[Result "0-1"]
[WhiteElo "1125"]
[BlackElo "2038"]

1. e4 c5 2. Nf3 d6 3. g3 b6 4. Bg2 Bb7 5. O-O Qc7 6. d3 Nd7 7. Nc3 e6 8. Nb5 Qc6
9. a4 Ngf6 10. d4 a6 11. Nc3 Be7 12. b3 Nxe4 13. Nxe4 Qxe4 14. Nh4 Qxd4 15. Bxb7
Qxa1 16. Bxa8 O-O 17. Bg2 d5 18. Bh3 b5 19. axb5 axb5 20. Qg4 Ne5 21. Bf4 Qxf1+
22. Kxf1 Nxg4 23. Bxg4 g5 24. Bxg5 Bxg5 25. Nf3 Bf6 26. h4 Ra8 27. Ke2 Ra2 28.
Kd2 c4 29. bxc4 b4 30. Kd3 dxc4+ 31. Kxc4 Bc3 32. Nd4 Bxd4 33. Kxd4 Rxc2 34. Kd3
Rxf2 35. Kc4 Rg2 36. Kxb4 Rxg3 37. Be2 f5 0-1

[Event "AUTO-OPEN-2757"]
[Site "http://www.queenalice.com/game.php?id=1089886"]
[Date "2012.8.3"]
[Round "1"]
[White "toinhoxdz"]
[Black "Renanff"]
[Result "1-0"]
[WhiteElo "1986"]
[BlackElo "1137"]

1. Nf3 Nf6 2. c4 g6 3. b3 Bg7 4. Bb2 O-O 5. Qc2 Nc6 6. a3 e6 7. Nc3 b6 8. d4 d5
9. cxd5 Nxd5 10. e4 Nf4 11. g3 Nh5 12. O-O-O Bb7 13. Rg1 a5 14. Nb5 Ba6 15. d5
Bxb2+ 16. Qxb2 Na7 17. dxe6 Qe7 18. exf7+ Rxf7 19. Ne5 Rf6 20. Rd7 Qc5+ 21. Bc4+
Kf8 22. Rxh7 Bxb5 23. Rxh5 Rxf2 24. Nd7+ Bxd7 25. Qh8+ Ke7 26. Qg7+ Kd8 27. Rxc5
Rxh2 28. Qf8+ Be8 29. Bf7 Kd7 30. Rd1+ Kc8 31. Qxe8+ Kb7 32. Rxc7+ Kxc7 33. Qxa8
Nc6 34. Be8 Nb8 35. Qa7+ Kc8 36. Qxb6 Rh7 37. Qd8+ Kb7 38. Qd5+ Ka7 39. Qxa5+
1-0

[Event "Challenge"]
[Site "http://www.queenalice.com/game.php?id=1090383"]
[Date "2012.8.4"]
[Round "-"]
[White "Rauni10"]
[Black "Renanff"]
[Result "0-1"]
[WhiteElo "1337"]
[BlackElo "1131"]

1. e4 e5 2. Bc4 Nf6 3. g4 Nc6 4. g5 Nxe4 5. Qf3 f6 6. Qxe4 fxg5 7. Qf3 Qe7 8. d4
exd4+ 9. Ne2 d6 10. Bxg5 Qxg5 11. Qf7+ Kd8 12. Rg1 Qe5 13. c3 b5 14. f4 Qe4 15.
Nd2 Qc2 16. Bb3 Qxb2 17. Qh5 Qxa1+ 18. Kf2 Qb2 19. f5 dxc3 20. f6 cxd2 21. Qf7
Bg4 22. Rxg4 d1=Q 23. Bxd1 gxf6 24. Re4 Be7 25. Ke1 Rf8 26. Nd4 Qc3+ 27. Ke2
Nxd4+ 28. Kf1 Rxf7 0-1

[Event "OS INCLIVEIS"]
[Site "http://www.queenalice.com/game.php?id=1091194"]
[Date "2012.8.7"]
[Round "-"]
[White "adelio"]
[Black "Renanff"]
[Result "1-0"]
[WhiteElo "1763"]
[BlackElo "1013"]

1. f4 Nf6 2. c4 g6 3. d4 Bg7 4. Nc3 O-O 5. e4 d6 6. h3 Nc6 7. a3 a5 8. Ra2 b6 9.
b3 e6 10. g4 h5 11. g5 Nd7 12. Nf3 Ba6 13. Rg2 Ncb8 14. Bd3 e5 15. f5 gxf5 16.
exf5 c5 17. f6 Nxf6 18. gxf6 Qxf6 19. Rxg7+ Kxg7 20. Qd2 Rg8 21. Nd5 Qxf3 22.
Qh6# 1-0

[Event "AUTO-BEG-552"]
[Site "http://www.queenalice.com/game.php?id=1092445"]
[Date "2012.8.12"]
[Round "1"]
[White "Pipa1957"]
[Black "Renanff"]
[Result "1-0"]
[WhiteElo "1947"]
[BlackElo "1133"]

1. c4 Nf6 2. g3 g6 3. Nc3 Bg7 4. Bg2 O-O 5. Nf3 d6 6. d4 Na6 7. O-O c5 8. h3 Bf5
9. g4 Be6 10. Ng5 Bxc4 11. Be3 h6 12. b3 Be6 13. Nxe6 fxe6 14. Bxb7 Rb8 15. Bxa6
cxd4 16. Bxd4 e5 17. Bxa7 Ra8 18. Bc4+ d5 19. Nxd5 Nxd5 20. Qxd5+ Qxd5 21. Bxd5+
e6 22. Bxa8 Rxa8 23. Bc5 Rc8 24. b4 e4 25. Rad1 e5 26. e3 Ra8 27. b5 Rxa2 28. b6
Ra5 29. b7 Rb5 30. Rd8+ Kh7 31. b8=Q Rxb8 32. Rxb8 1-0

[Event "AUTO-BEG-552"]
[Site "http://www.queenalice.com/game.php?id=1092446"]
[Date "2012.8.12"]
[Round "1"]
[White "Renanff"]
[Black "Pipa1957"]
[Result "0-1"]
[WhiteElo "1155"]
[BlackElo "1949"]

1. Nf3 e6 2. Nc3 d5 3. g3 c5 4. Bg2 Nc6 5. O-O d4 6. Nb5 e5 7. d3 h6 8. a4 a6 9.
c4 axb5 10. cxb5 Nb4 11. Nxe5 Nf6 12. Bd2 Be7 13. e3 dxe3 14. Bxe3 Nfd5 15. Qf3
O-O 16. Rae1 Rxa4 17. b3 Ra2 18. d4 Nxe3 19. Rxe3 cxd4 20. Re2 Rxe2 21. Qxe2 d3
22. Qd2 Qd4 23. Nf3 Qd5 24. Nh4 Qxb3 25. Rc1 Re8 26. Nf3 Nc2 27. Bf1 Bf5 28. Ne1
Bb4 29. Qf4 d2 30. Nd3 Bxd3 31. Rd1 Re1 0-1

[Event "AUTO-BEG-552"]
[Site "http://www.queenalice.com/game.php?id=1092461"]
[Date "2012.8.12"]
[Round "1"]
[White "Renanff"]
[Black "Cuyo"]
[Result "0-1"]
[WhiteElo "1099"]
[BlackElo "1551"]

1. Nf3 d5 2. Nc3 c5 3. e4 e6 4. Ne5 a6 5. Qf3 Nf6 6. exd5 exd5 7. Be2 Be7 8. b3
O-O 9. O-O b5 10. d3 Bb7 11. a4 Qc7 12. Bf4 Bd6 13. h3 Bxe5 14. Bxe5 Qxe5 15.
Rae1 Qxc3 16. Bd1 Nbd7 17. Re7 Rae8 18. Rxe8 Rxe8 19. axb5 axb5 20. Be2 Qxc2 21.
Bd1 Qd2 22. h4 Ne5 23. Qf5 h6 24. h5 Bc8 0-1

[Event "AUTO-BEG-552"]
[Site "http://www.queenalice.com/game.php?id=1092462"]
[Date "2012.8.12"]
[Round "1"]
[White "Cuyo"]
[Black "Renanff"]
[Result "1-0"]
[WhiteElo "1491"]
[BlackElo "1099"]

1. e4 e5 2. Nf3 Nf6 3. Bc4 d5 4. exd5 Nxd5 5. Nxe5 Qe7 6. O-O Qxe5 7. Re1 Bd6 8.
Rxe5+ Bxe5 9. Bxd5 O-O 10. Qh5 c6 11. Qxe5 cxd5 12. d4 Nc6 13. Qf4 Re8 14. Bd2
a5 15. Nc3 a4 16. Nxd5 Ra5 17. Bxa5 Nxa5 18. Qg3 Be6 19. Nf6+ Kf8 20. Qd6+ Re7
21. Qd8+ 1-0

[Event "YES GAME"]
[Site "http://www.queenalice.com/game.php?id=1111466"]
[Date "2012.10.11"]
[Round "-"]
[White "Renanff"]
[Black "MONSTERXADREZ"]
[Result "0-1"]
[WhiteElo "1135"]
[BlackElo "1608"]

1. e4 Nc6 2. Bd3 a6 3. Nf3 g6 4. O-O Bg7 5. Na3 Nf6 6. Nc4 b5 7. Ne3 O-O 8. b4
d6 9. a3 Bb7 10. Bb2 e5 11. Bc3 Bc8 12. Be2 Nxe4 13. Bb2 g5 14. d3 g4 0-1